Quelle Collection est bien associée à son Objet ? (Mort Subite) - Statistiques

Statistiques générales
  • Ce quiz a été pris 111 fois
  • Le résultat moyen est 4 sur 19
Answers on the Grid
Answers color-coded by a green-red scale on the quiz's grid according to % correct below.
Arctophilie /
Ours en peluche
Billetophilie /
Billets de banque
Campanophilie /
Cloches
Calvimortapeiratophilie /
Têtes de mort
Vexillophilie /
Drapeaux
Fabophilie /
Fèves de galettes des rois
Plangonophilie /
Poupées
Latrinapapirophilie /
Papiers toilette
Instogratophilie /
Tickets de loterie à gratter
Botumodélophilie /
Bateaux en bouteille
Chionosphéréphilie /
Boules à neige
Philatélie /
Timbres (fiscaux & postaux)
Tappabotuphilie /
Bouchons de bouteille
Légufrulabélophilie /
Étiquettes de fruits & légumes
Ludophilie /
Jeux & Jouets
Calamophilie /
Plumes & Porte-plumes
Gazettophilie /
Journaux
Placosmaltophilie /
Plaques émaillées
Calcéologie /
Chaussures
Serraphilie /
Clés
Palmophilie /
Canards
Packophilie /
Cartons d'emballage
Calumophilie /
Pipes
Aromophilie /
Flacons de parfum
Shellophilie /
Coquillages
Igniphilie /
Briquets
Textilophilie /
Étiquettes de vêtements
Conservophilie /
Ouvre-boîtes
Librophilie /
Livres
Sonorophilie /
Boîtes à musique
 
Statistiques - réponses
Réponse % Correct
Philatélie /
Timbres (fiscaux & postaux)
57%
Ludophilie /
Jeux & Jouets
48%
Fabophilie /
Fèves de galettes des rois
38%
Vexillophilie /
Drapeaux
33%
Billetophilie /
Billets de banque
24%
Latrinapapirophilie /
Papiers toilette
19%
Plangonophilie /
Poupées
19%
Botumodélophilie /
Bateaux en bouteille
14%
Calamophilie /
Plumes & Porte-plumes
14%
Campanophilie /
Cloches
14%
Chionosphéréphilie /
Boules à neige
14%
Gazettophilie /
Journaux
14%
Tappabotuphilie /
Bouchons de bouteille
14%
Arctophilie /
Ours en peluche
10%
Calvimortapeiratophilie /
Têtes de mort
10%
Instogratophilie /
Tickets de loterie à gratter
10%
Légufrulabélophilie /
Étiquettes de fruits & légumes
10%
Placosmaltophilie /
Plaques émaillées
10%
Calcéologie /
Chaussures
5%
Aucun quiz correspondant
Distribution des résultats
% des personnes avec chaque résultat
Percentile par nombre de réponses
Votre historique - résultats
Vous n’avez pas pris ce quiz